00270nam a2200097Ia 4500008004000000082001200040100002900052245003700081260004600118300000800164210210b1918 xxu||||| |||| 00| 0 eng d a110/117 aSTEPHEN (Dorothea Jane). aStudies in early Indian thought. aLondonbCambridge University Pressc1918 a176